00326nam a2200121Ia 4500008004100000041000800041082001400049100001600063245004500079260004100124300003000165365000900195240624s9999 xx 000 0 und d aeng a658.4 ZIN aZINKIN JOHN aCHALLENGES IN IMPLEMENTING CORPORATE GOV c2010aSingaporebJohn Wiley and Sons axv, : 241 : p. : cm. ; 23 cb30